1657 1363 1482 1440 1706 1945 1688 1792 1385 1680 1617 1791 1027 1220 1073 1553 1318 1481 1345 1624 1080 1623 1546 1049 1618 1898 1799 1793 1955 1432 1396 1759 1901 1514 1160 1295 1706 1009 1334 1182 1788 1185 1770 1413 1993 1752 1830 1102 1750 1977 1755 1151 1191 1713 1220 1476 1977 1594 1640 1470 1852 1020 1732 1412 1741 1392 1661 1957 1705 1376 1566 1933 1514 1288 1532 1787 1980 1064 1932 1192 1866 1167 1128 1378 1794 1758 1607 1903 1216 1275 1949 1130 1870 1638 1672 1473 1415 1063 1764 BCNSPRNW ULIB Ver.6.0+V

เปลี่ยนเป็นภาษาไทย

Change to English
 แสดงรายละเอียดบรรณานุกรม
  กลับหน้าหลัก

Brief Record : Get Marc (ISO 2709) : E-mail record : QR code < ปิดหน้าต่าง
LEADER : 00000nam 2200000uu 4500
001    13399127752
003     ULIB
008    210518s2557||||th 000 0 tha d
020    ู^a9786163693822
050    ^aนว^bซ119ม^cล.12
100    ^aซ็อลบง
245    ^aมหากาพย์เทพมรณะ เล่ม 12
250    ^aพิมพ์ครั้งที่ 1
260    ^aกรุงเทพฯ :^bสยามอินเตอร์บุ๊คส์,^c2557
300    ^a214 หน้า;^b21 ซม.
650    ^aนวนิยาย
945    ^p200^l0^i008063
999    ^aประนอม เกษจรัล
รายการนี้ยังไม่มีแท็ก
คุณยังไม่ได้ล็อกอิน คุณสามารถมีกิจกรรมร่วมกับเว็บไซต์ได้ แต่ต้องล็อกอินก่อน ::
  ล็อกอิน

รายการสื่อสารสนเทศ

ลำดับที่ ประเภท เลขเรียก/บาร์โค้ด สถานที่ สถานะ
1. นวนิยาย
นวนิยาย
นว ซ119ม ล.12 ฉ.1 
  Barcode: 008063
ห้องสมุดวิทยาเขตนครสวรรค์
►นวนิยาย:l:Fiction
บนชั้น
Note:บริจาค

รายการใกล้เคียง
    ผู้แต่ง [ซ็อลบง]

    หัวเรื่อง [นวนิยาย]

BibComment


ยังไม่เคยถูกคอมเมนท์

คอมเมนท์ทรัพยากรรายการนี้
  คอมเมนท์: มหากาพย์เทพมรณะ ..


 Copyright 2026. Bcnsprnw @Library